|
|
|
|
| LEADER |
00000cam a2200000 7i4500 |
| 001 |
0000022663 |
| 005 |
20100309.0 |
| 008 |
100309 at a v eng |
| 020 |
|
|
|a 9781418042066
|
| 040 |
|
|
|a INS
|
| 090 |
0 |
0 |
|a CD 382
|
| 100 |
1 |
|
|a Rysinger, Lisa
|
| 245 |
1 |
0 |
|a Exploring digital video [
|h video dics]
|c Lisa Rysinger
|
| 250 |
|
|
|a 2nd.ed.
|
| 260 |
|
|
|a Australia :
|b Thomson ,
|c 2006
|
| 300 |
|
|
|a 1 videodics (2 hours) :
|b sd., col., ill. ;
|c 4 3/4 in.
|
| 440 |
|
0 |
|a Design exploring systems
|
| 500 |
|
|
|a Includes index
|
| 650 |
0 |
0 |
|a Digital video
|
| 999 |
|
|
|a CD00000382
|b DIGITAL VIDEO CD
|c Media Collection
|e Default branch
|